Турция (Запис номер 98637)
[ съкратено ]
| 000 -Лидер | |
|---|---|
| Контролно поле с фиксирана дължина | 02155nam a2200409 c 4500 |
| 003 - Код на организацията, давaща контролен номер | |
| Контролно поле | BLK |
| 005 - Дата и час на последна редакция | |
| Контролно поле | 20241031110747.0 |
| 008 - Елементи от данни с фиксирана дължина | |
| fixed length control field | 180409b bul|||||r ||||||| ||bul|| |
| 010 ## - Наследен системен номер | |
| LC control number | KNG00103584000 |
| 020 ## - Международен стандартен номер на книга ISBN | |
| Международен стандартен номер на книга ISBN | 954-671-064-3 |
| -- | издат.: Инфодар |
| 040 ## - Източник на каталожния запис | |
| Идентификатор на билиотеката - собственик на записа | BLK |
| 041 ## - Код за език | |
| Код за езика на текст/звукозапис или на отделно заглавие | Български |
| Код за езика КДБФ | Български |
| 080 ## - УДК | |
| Текстов определител УДК | Социография. Социално положение. Условия на политическия и социалния живот. Социално и социално-икономическо положение на отделните страни, народи, раси. Социална география. (Общи въпроси) |
| УДК код - определител по УДК | 308 |
| УДК определител | (560)(036) |
| УДК - код + определител | 308(560)(036) |
| 080 ## - УДК | |
| Текстов определител УДК | Забавно пътуване. Туризъм - пътуване пеша, с кола, колело, автобус, влак, параход, самолет, изкачване на планина, ездене и др. п. |
| УДК код - определител по УДК | 379.85 |
| УДК определител | (560)(036) |
| УДК - код + определител | 379.85(560)(036) |
| 100 1# - Редна дума - Автор | |
| Автор | Дженкинс, Гарет |
| Авторска отговорност | първи автор |
| R(LIN) | 307717 |
| 139 ## - Редно поле | |
| Редна дума | Дженкинс, Гарет и др. |
| Авторски знак | Дже - Д 50 |
| 245 10 - Сведения за заглавието | |
| Заглавие | Турция |
| Подзаглавни данни | Fodor's пътеводител : Полезни съвети от А до Я : Хотели, ресторанти и забележителности |
| Редно поле (дума) | Гарет Дженкинс; съавт. Маргарет Линч; съавт. Eli Newell; прев. Панайот Димитров. |
| 257 ## - Страна на издаване | |
| Страна на създаване/издаване | Съединени американски щати |
| 260 ## - Област на издателските данни | |
| -- | София |
| Име на издателя, разпространителя и проч. | Инфодар |
| Година на издаване | 2002 |
| 300 ## - Физическа характеристика | |
| Страници | 342 с. |
| Размери/Мащаб | 22 см |
| 380 ## - Жанр | |
| Жанр | Обществени науки |
| 650 #4 - Допълнително описание по предмет – тема | |
| Основно описание – тема или топоним | Турция |
| 9 (RLIN) | 179691 |
| 650 #4 - Допълнително описание по предмет – тема | |
| Основно описание – тема или топоним | Пътеводители |
| 9 (RLIN) | 168579 |
| 650 #4 - Допълнително описание по предмет – тема | |
| Основно описание – тема или топоним | Туризъм |
| 9 (RLIN) | 174203 |
| 651 #4 - Допълнително описание по предмет - топоним | |
| Географско понятие | Турция |
| 9 (RLIN) | 179691 |
| 653 ## - Ключова дума – ненормативна | |
| Ключова дума | пътеводители |
| 653 ## - Ключова дума – ненормативна | |
| Ключова дума | Турция |
| 700 1# - Други автори (авторска отговорност) | |
| Лично име | Линч, Маргарет |
| Автороска отговорност (Описва отношението между автора и произведението) | съавт. |
| 9 (RLIN) | 307718 |
| 700 1# - Други автори (авторска отговорност) | |
| Лично име | Newell, Eli |
| Автороска отговорност (Описва отношението между автора и произведението) | съавт. |
| 9 (RLIN) | 307719 |
| 700 1# - Други автори (авторска отговорност) | |
| Лично име | Димитров, Панайот |
| Автороска отговорност (Описва отношението между автора и произведението) | прев. |
| 9 (RLIN) | 372393 |
| 852 ## - Местоположение | |
| Форматна сигнатура | Цб 212849 |
| 856 4# - Електронен адрес и достъп | |
| Електронен формат | pdf - файл |
| Път до файла /url/ | |
| 856 4# - Електронен адрес и достъп | |
| Електронен формат | pdf - файл |
| Път до файла /url/ | |
| 942 ## - АРТИКУЛИ | |
| Вид на библиотечния материал | Книги |
| Скрит в OPAC | Не |
| Koha issues (borrowed), all copies | 3 |
| 944 ## - СЪЗДАВАНЕ И РЕДАКЦИЯ на ЗАПИСА | |
| Създаване/Редакция | Създаване |
| Дата на регистрацията/редакция | 01.01.2002 |
| Служител, извършил регистрацията/редакцията | 30529 |
| Статус, дата на статуса | Диана Гривева |
| 944 ## - СЪЗДАВАНЕ И РЕДАКЦИЯ на ЗАПИСА | |
| Създаване/Редакция | Редакция |
| Дата на регистрацията/редакция | 09.10.2007 |
| Служител, извършил регистрацията/редакцията | |
| 999 ## - СИСТЕМНИ КОНТРОЛНИ НОМЕРА | |
| Koha biblionumber | 98637 |
| Koha biblioitemnumber | 98637 |
| Код за отписване | Код за изгубен артикул | Код за повреда | Коз за рестрикции | Код за отдаване | Артикулен № | Име на библиотеката - собственик | Име на библиотеката, в която се намира в момента | Статус (Текущо местоположение) | Дата на вписване в системата | Местоположение - отдел | Цена в лева | Инвентарен номер | Систематично азбучна сигнатура | Баркод | Номер на екземпляра | Цена в евро | Служебна бележка | Служебен тип на артикула |
|---|---|---|---|---|---|---|---|---|---|---|---|---|---|---|---|---|---|---|
| Не е изгубен | Не е повреден | без рестрикции | ползва се в читалня | 158659 | Регионална библиотека "Любен Каравелов" Русе | Регионална библиотека "Любен Каравелов" Русе | Читалня | 2002-10-07 | Читалня | 13.00 | 120000672729 | Ч 308(5)/Д 50 | 120000672729 | 1 | 6.65 | Дост: Pk Вид: Ф N: 8595 Дата: 04.10.2002 Дата инв: 22.03.2017 Бележки инв: Ч2017 | Книги | |
| Не е изгубен | Не е повреден | без рестрикции | ползва се в читалня | 158660 | Регионална библиотека "Любен Каравелов" Русе | Регионална библиотека "Любен Каравелов" Русе | Хранилище | 2005-01-18 | Хранилище | 13.00 | 120000691138 | Цб 212849 | 120000691138 | 2 | 6.65 | Дост: Dp Вид: Д N: 11 Дата: 02.03.2004 | Книги | |
| Не е изгубен | Не е повреден | без рестрикции | заемане за дома | 158661 | Регионална библиотека "Любен Каравелов" Русе | Регионална библиотека "Любен Каравелов" Русе | Заемна - подръчен фонд | 2007-10-05 | Заемна - подръчен фонд | 13.00 | 120000717551 | П 308(5)/Д 50 | 120000717551 | 3 | 6.65 | Дост: Pk Вид: Ф N: 9214 Дата: 01.10.2007 Дата инв: 02.02.2018 Бележки инв: П2018 | Книги | |
| Не е изгубен | Не е повреден | без рестрикции | заемане за дома | 158662 | Регионална библиотека "Любен Каравелов" Русе | Регионална библиотека "Любен Каравелов" Русе | Заемна - подръчен фонд | 2007-10-05 | Заемна - подръчен фонд | 13.00 | 120000717552 | П 308(5)/Д 50 | 120000717552 | 4 | 6.65 | Дост: Pk Вид: Ф N: 9214 Дата: 01.10.2007 Дата инв: 02.02.2018 Бележки инв: П2018 | Книги |